|
|
|
|
| LEADER |
00000nam a2200000 a 4500 |
| 001 |
vtls001390335 |
| 003 |
SK-MaSNL |
| 005 |
20260301011646.0 |
| 008 |
240315s2000 xo aa r y ger |
| 015 |
|
|
|a SNBA2000/12-04366
|
| 020 |
|
|
|a 8022406198
|
| 035 |
|
|
|a SNK000344605
|
| 035 |
|
|
|a urn:nbn:sk:snk-amkl8a
|
| 035 |
|
|
|a urn:nbn:sk:snk-am008i9d
|
| 035 |
|
|
|a 61082F50-33F1-4FE8-8279-2322C9F2C54D
|
| 040 |
|
|
|a SNK
|b slo
|c SNK
|e AACR2
|
| 041 |
0 |
|
|a ger
|
| 044 |
|
|
|a xo
|c SK
|
| 080 |
|
|
|a 782.1:792.5=854=30
|2 1981
|
| 100 |
1 |
|
|a Zvara, Vladimír,
|d 1969-
|4 aut
|9 13448
|
| 245 |
1 |
0 |
|a Ján Cikker: Auferstehung
|b Entstehung, Wirkung und Interpretation der Oper
|c Vladimír Zvara
|
| 246 |
1 |
0 |
|a Ján Cikker: Vzkriesenie
|
| 246 |
1 |
1 |
|a Ján Cikker: Vzkriesenie
|
| 260 |
|
|
|a Bratislava
|b Veda
|c 2000
|
| 300 |
|
|
|a 342 s.
|b fotogr., noty
|c 25 cm
|
| 500 |
|
|
|a Súbež. text a tit. strana slov.
|
| 600 |
1 |
7 |
|a Cikker, Ján,
|d 1911-1989
|t Vzkriesenie
|2 SNK
|9 288899
|
| 655 |
|
7 |
|a monografie
|2 SNK
|9 70139
|
| 852 |
|
|
|a Akadémia umení v Banskej Bystrici
|
| 919 |
|
|
|a 80-224-0619-8
|
| 958 |
|
|
|a TL
|
| 958 |
|
|
|a NB
|
| 999 |
|
|
|c 551539
|d 553469
|
| 952 |
|
|
|t P60, <03>, [BOOK], {603}
|a SNK
|b SNK
|y PREZ
|7 0
|p 17A0242047
|o snkSC 101824
|i snkKSP 5795/2000
|0 0
|1 0
|4 0
|d 2000-06-08
|f 1
|l 0
|r 2025-09-23 00:00:00
|w 2026-02-23
|
| 952 |
|
|
|t P60, <04>, [BOOK], {604}
|a SNK
|b SNK
|y VYP
|7 0
|p 17A0242048
|o snkSC 101824 D1
|i snkKSP 5796/2000
|0 0
|1 0
|4 0
|d 2000-06-08
|l 0
|r 2005-01-02 00:00:00
|w 2026-02-23
|